000 00687cam a22002413a 4500
001 27650
003 PGUSA
005 20140828083610.0
008 081229s2008||||xxu|||||s|||||000 | eng d
040 _aPGUSA
_beng
042 _adc
050 4 _aPZ
100 1 _aHopkins, William John,
_d1863-1926
245 1 4 _aThe Doers
_h[electronic resource] /
_cWilliam John Hopkins
260 _bProject Gutenberg,
_c2008
506 _aPublic domain in the USA.
516 _aElectronic text
653 _aReaders (Elementary)
653 _aHouse construction -- Juvenile literature
830 0 _aProject Gutenberg
_v27650
856 4 0 _uhttp://www.gutenberg.org/ebooks/27650
942 _cEB
999 _c256905
_d256905